Nicht mendelnde vererbung, (Record no. 9840)

MARC details
000 -LEADER
fixed length control field 00716cam a22002411 4500
001 - CONTROL NUMBER
control field agr38000101
003 - CONTROL NUMBER IDENTIFIER
control field DLC
005 - DATE AND TIME OF LATEST TRANSACTION
control field 20260227110956.0
008 - FIXED-LENGTH DATA ELEMENTS--GENERAL INFORMATION
fixed length control field 811121s1937 xx a 000 0 ger
010 ## - LIBRARY OF CONGRESS CONTROL NUMBER
LC control number agr38000101
035 ## - SYSTEM CONTROL NUMBER
System control number (OCoLC)14729883
040 ## - CATALOGING SOURCE
Original cataloging agency DLC
Transcribing agency DNLM
Modifying agency DLC
042 ## - AUTHENTICATION CODE
Authentication code premarc
050 00 - LIBRARY OF CONGRESS CALL NUMBER
Classification number QH431
Item number .H25 bd. 2 H
060 0# - NATIONAL LIBRARY OF MEDICINE CALL NUMBER
Classification number QH 431
Item number H236 Bd.2, H
100 1# - MAIN ENTRY--PERSONAL NAME
Personal name Correns, Carl,
Dates associated with a name 1864-1933.
245 10 - TITLE STATEMENT
Title Nicht mendelnde vererbung,
Statement of responsibility, etc. von C. Correns ...
260 ## - PUBLICATION, DISTRIBUTION, ETC.
Place of publication, distribution, etc. Berlin,
Name of publisher, distributor, etc. Gebrüder Borntraeger,
Date of publication, distribution, etc. 1937.
300 ## - PHYSICAL DESCRIPTION
Extent 2 p. l., 159 p.
Other physical details ill.
440 #0 - SERIES STATEMENT/ADDED ENTRY--TITLE
Title Handbuch der vererbungswissenschaft,
Volume/sequential designation Bd. 2, H
500 ## - GENERAL NOTE
General note Issued as lfg. 22.
504 ## - BIBLIOGRAPHY, ETC. NOTE
Bibliography, etc. note "Literaturverzeichnis": p. [133]-159.

No items available.

Powered by Koha